[Event "14. Lichtenberger Sommer"]
[Site "14. Lichtenberger Sommer"]
[Date "2015.08.20"]
[Round "6.117"]
[White "Ho, Ngoc Hai-Dang"]
[Black "Janse, Circe"]
[Result "1-0"]
[WhiteElo "1264"]
[BlackElo "850"]
[PlyCount "119"]
[EventDate "2015.??.??"]
[WhiteTeam "Schachunion Berlin"]
[BlackTeam "SSV Klim-Op"]

1. e4 e5 2. Nf3 Nc6 3. Bc4 Nf6 4. Ng5 d5 5. exd5 Na5 6. Bb3 Nxb3 7. axb3 Qxd5
8. Qf3 Qxf3 9. Nxf3 e4 10. Ne5 Bd6 11. Nc4 Bf5 12. Nc3 O-O 13. Nxd6 cxd6 14.
Nb5 d5 15. Nd6 Bc8 16. Nxc8 Rfxc8 17. c3 a6 18. O-O Re8 19. f3 Re7 20. fxe4
dxe4 21. Re1 Rae8 22. c4 Nd7 23. b4 Re6 24. Ra3 Nb6 25. b3 Rd8 26. Ra2 Rd3 27.
Re3 Rxe3 28. dxe3 Rd6 29. Kf2 Rf6+ 30. Ke2 g6 31. Rd2 Re6 32. c5 Rc6 33. Bb2
Kf8 34. cxb6 Rxb6 35. Bd4 Re6 36. Bc5+ Ke8 37. Rd6 Rxd6 38. Bxd6 Kd7 39. Bc5 f5
40. Kf2 Kc6 41. Kg3 Kd7 42. Kf4 Ke6 43. Kg5 Kf7 44. Bd4 b5 45. Kh6 Kg8 46. h4
Kf8 47. Kxh7 Kf7 48. Kh6 Ke7 49. Kxg6 Ke6 50. h5 Ke7 51. Kg7 Ke8 52. h6 Ke7 53.
h7 Ke6 54. h8=Q Ke7 55. Qf8+ Kd7 56. Qf7+ Kd6 57. Be5+ Kxe5 58. Qf6+ Kd5 59.
Kf7 f4 60. Qe6# 1-0

[Event "14. Lichtenberger Sommer"]
[Site "14. Lichtenberger Sommer"]
[Date "2015.08.20"]
[Round "6.118"]
[White "Fock, Amina"]
[Black "Lieger, Lucas"]
[Result "1-0"]
[WhiteElo "1621"]
[BlackElo "851"]
[PlyCount "109"]
[EventDate "2015.??.??"]
[WhiteTeam "SK International Berlin"]
[BlackTeam "SC Eintracht Berlin e.V."]

1. e4 d5 2. exd5 Qxd5 3. Nc3 Qa5 4. d4 c6 5. Nf3 Bf5 6. Be2 e6 7. Be3 Qc7 8.
O-O Bd6 9. Bd3 Nf6 10. Bxf5 exf5 11. Qd3 g6 12. h3 Nbd7 13. Rfe1 O-O 14. Bg5
Rfe8 15. Bh6 Rxe1+ 16. Rxe1 Re8 17. Rxe8+ Nxe8 18. Qe3 Nef6 19. Ne2 Qa5 20. a3
Qa4 21. Qd3 Qa5 22. Bf4 Bxf4 23. Nxf4 Qb6 24. b3 h5 25. c4 Qc7 26. g3 h4 27.
Nxh4 Qd8 28. Nf3 Qe7 29. d5 cxd5 30. Nxd5 Nxd5 31. Qxd5 Nf6 32. Qe5 Qxe5 33.
Nxe5 Kf8 34. Kf1 Ke7 35. Ke2 Nd7 36. Nxd7 Kxd7 37. Kd3 Kc6 38. Kd4 b5 39. c5
Kd7 40. Kd5 Kc7 41. Ke5 Kd7 42. Kf6 Ke8 43. f3 Kf8 44. g4 fxg4 45. fxg4 Ke8 46.
h4 Kf8 47. h5 gxh5 48. gxh5 Ke8 49. h6 Kf8 50. h7 Ke8 51. h8=Q+ Kd7 52. Kxf7
Kc6 53. Qd8 Kb7 54. Qd7+ Ka6 55. Qc6+ 1-0

[Event "14. Lichtenberger Sommer"]
[Site "14. Lichtenberger Sommer"]
[Date "2015.08.20"]
[Round "6.119"]
[White "Fock, Sana"]
[Black "Semenishchev, Sergej"]
[Result "1-0"]
[WhiteElo "1532"]
[BlackElo "771"]
[PlyCount "53"]
[EventDate "2015.??.??"]
[WhiteTeam "SK International Berlin"]
[BlackTeam "SC Friesen Lichtenberg"]

1. e4 e5 2. Nf3 Nc6 3. d4 d6 4. dxe5 dxe5 5. Qxd8+ Nxd8 6. Nxe5 Nf6 7. Nc3 Bd7
8. Bg5 Nc6 9. Bxf6 gxf6 10. Nxd7 Kxd7 11. O-O-O+ Ke8 12. Nd5 Bd6 13. Nxf6+ Ke7
14. Nd5+ Kf8 15. f4 Re8 16. e5 Bc5 17. Kb1 Bb6 18. Bb5 Rd8 19. Bxc6 bxc6 20.
Nxb6 Rxd1+ 21. Rxd1 cxb6 22. Rd8+ Kg7 23. Rd7 h5 24. e6 Re8 25. Rxf7+ Kh8 26.
f5 Rd8 27. Kc1 1-0

[Event "14. Lichtenberger Sommer"]
[Site "14. Lichtenberger Sommer"]
[Date "2015.08.20"]
[Round "6.120"]
[White "Grothe, Michael"]
[Black "Schmole-Rostosky, Joachim"]
[Result "0-1"]
[WhiteElo "1220"]
[BlackElo "1598"]
[PlyCount "100"]
[EventDate "2015.??.??"]
[WhiteTeam "vereinslos"]
[BlackTeam "SF SW Merzhausen"]

1. e4 e6 2. Nf3 d5 3. e5 Bd7 4. d4 c5 5. dxc5 Bxc5 6. c3 Qb6 7. Nd4 Nc6 8. b4
Bxd4 9. cxd4 Qxb4+ 10. Qd2 Qxd4 11. Qxd4 Nxd4 12. Bd3 Bb5 13. Bxb5+ Nxb5 14.
Bb2 O-O-O 15. O-O Kb8 16. a4 Nc7 17. Bd4 Ne7 18. f4 Nc6 19. Bc5 Ka8 20. Nd2 Rd7
21. Nb3 b6 22. Be3 Rhd8 23. Nd4 Nxd4 24. Bxd4 Na6 25. Rfb1 Nc7 26. g3 Rb8 27.
Rb2 b5 28. Rab1 a6 29. axb5 Rxb5 30. Rxb5 Nxb5 31. Be3 d4 32. Rd1 Kb7 33. Kf1
d3 34. Ke1 a5 35. Rb1 Ka6 36. Bd2 Rd5 37. Rc1 Kb6 38. Be3+ Kb7 39. Rc5 Rxc5 40.
Bxc5 a4 41. Kd2 a3 42. Bxa3 Nxa3 43. Kxd3 Kc6 44. h4 Kd5 45. g4 Nc4 46. h5 Nb2+
47. Ke3 Nd1+ 48. Kf3 Kd4 49. g5 Ne3 50. h6 g6 0-1

[Event "14. Lichtenberger Sommer"]
[Site "14. Lichtenberger Sommer"]
[Date "2015.08.21"]
[Round "7.19"]
[White "Kohler, Thomas"]
[Black "Daverkausen, Bernd"]
[Result "0-1"]
[WhiteElo "2206"]
[BlackElo "2137"]
[PlyCount "24"]
[EventDate "2015.??.??"]
[WhiteTeam "SC Zitadelle Spandau"]
[BlackTeam "SC Zugzwang 95 (Berlin)"]

1. c4 g6 2. d4 Bg7 3. e4 d6 4. Nc3 Nf6 5. h3 O-O 6. Bg5 Na6 7. Bd3 e5 8. d5 Qe8
9. a3 Nh5 10. g3 f5 11. Be2 Nc5 12. exf5 Bxf5 0-1

[Event "14. Lichtenberger Sommer"]
[Site "14. Lichtenberger Sommer"]
[Date "2015.08.21"]
[Round "7.21"]
[White "Relea, Nicolas"]
[Black "Kornrumpf, Joachim"]
[Result "0-1"]
[WhiteElo "2085"]
[BlackElo "2046"]
[PlyCount "40"]
[EventDate "2015.??.??"]
[WhiteTeam "Club d'Echecs de Condom"]
[BlackTeam "Preetzer TSV"]

1. d4 Nf6 2. Nc3 e6 3. e4 c5 4. dxc5 Qa5 5. Bd2 Qxc5 6. b4 Qc6 7. b5 Qc7 8. Bd3
b6 9. Qf3 Bb7 10. a3 Be7 11. Nge2 O-O 12. O-O d6 13. Qh3 Nbd7 14. Be3 Rfd8 15.
f4 Nc5 16. f5 e5 17. Bxc5 dxc5 18. Nd5 Bxd5 19. exd5 c4 20. d6 Qxd6 0-1

[Event "14. Lichtenberger Sommer"]
[Site "14. Lichtenberger Sommer"]
[Date "2015.08.21"]
[Round "7.22"]
[White "Niechotz, Christopher"]
[Black "Zur, Jan"]
[Result "0-1"]
[WhiteElo "2120"]
[BlackElo "2103"]
[PlyCount "74"]
[EventDate "2015.??.??"]
[WhiteTeam "SC Kreuzberg"]
[BlackTeam "SC Rotation Pankow"]

1. c4 e6 2. g3 d5 3. Bg2 Nf6 4. Nf3 Be7 5. O-O O-O 6. d4 dxc4 7. Qc2 b5 8. a4
b4 9. Qxc4 Bb7 10. Qc2 Nbd7 11. Bg5 Rc8 12. Nbd2 c5 13. Qd3 h6 14. Bxf6 Nxf6
15. Rfc1 cxd4 16. Qxd4 Rxc1+ 17. Rxc1 Qa5 18. b3 Rd8 19. Nc4 Qa6 20. Qe5 Nd5
21. Rd1 Bf6 22. Qh5 Bc6 23. Nfe5 Be8 24. Bf3 Qc8 25. Rd3 Bxe5 26. Qxe5 Bxa4 27.
Qd4 e5 28. Nxe5 Bxb3 29. e4 Qc1+ 30. Bd1 Re8 31. exd5 Rxe5 32. Qxe5 Bc2 33. Rd4
Qa1 34. Kg2 Bxd1 35. Qb8+ Kh7 36. Qxb4 Be2 37. g4 Qf1+ 0-1

[Event "14. Lichtenberger Sommer"]
[Site "14. Lichtenberger Sommer"]
[Date "2015.08.21"]
[Round "7.23"]
[White "Kupfer, Michael"]
[Black "Hannebauer, Torsten"]
[Result "1-0"]
[WhiteElo "2065"]
[BlackElo "2166"]
[PlyCount "63"]
[EventDate "2015.??.??"]
[WhiteTeam "SC Friesen Lichtenberg"]
[BlackTeam "DB Woltersdorf"]

1. e4 e6 2. d4 d5 3. Nd2 Be7 4. Ngf3 Nf6 5. Bd3 c5 6. c3 Nc6 7. O-O cxd4 8.
cxd4 Nb4 9. Bb1 O-O 10. e5 Ne8 11. a3 Nc6 12. Re1 f5 13. exf6 Bxf6 14. Nb3 g6
15. Nc5 Ng7 16. b4 b6 17. Nb3 Ba6 18. Bd3 Bc4 19. Bb2 Bxd3 20. Qxd3 Qd6 21.
Rac1 g5 22. b5 Ne7 23. Ne5 Ngf5 24. Nd2 Kg7 25. Ndf3 h5 26. Nc6 Ng6 27. g3 h4
28. Nfe5 hxg3 29. fxg3 Bxe5 30. Nxe5 Rh8 31. Rc6 Nxe5 32. Rxe5 1-0

[Event "14. Lichtenberger Sommer"]
[Site "14. Lichtenberger Sommer"]
[Date "2015.08.21"]
[Round "7.24"]
[White "Schmidt, Markus"]
[Black "Kather, Yannick"]
[Result "1-0"]
[WhiteElo "2108"]
[BlackElo "2041"]
[PlyCount "65"]
[EventDate "2015.??.??"]
[WhiteTeam "SK Turm Bad Hersfeld"]
[BlackTeam "SC Weisse Dame (Berlin)"]

1. e4 c5 2. Nf3 Nc6 3. Bb5 g6 4. Bxc6 dxc6 5. d3 Bg7 6. h3 e5 7. Nc3 Ne7 8. Be3
b6 9. Qd2 h6 10. O-O Be6 11. a4 g5 12. a5 O-O 13. h4 g4 14. Nh2 Kh7 15. axb6
axb6 16. Rxa8 Qxa8 17. Qe2 h5 18. g3 Qb7 19. Kg2 Nc8 20. f3 Qd7 21. fxg4 hxg4
22. Nd1 Rg8 23. Nf2 Bf8 24. Bg5 Be7 25. Nfxg4 Bxg5 26. hxg5 Kg7 27. Kg1 Rh8 28.
Qf2 Bxg4 29. Qf6+ Kg8 30. Nxg4 Nd6 31. Nh6+ Kh7 32. Nxf7 Nxf7 33. g6+ 1-0

[Event "14. Lichtenberger Sommer"]
[Site "14. Lichtenberger Sommer"]
[Date "2015.08.21"]
[Round "7.25"]
[White "Hamann, Carsten"]
[Black "Kutschke, Jens"]
[Result "1-0"]
[WhiteElo "2116"]
[BlackElo "1975"]
[PlyCount "83"]
[EventDate "2015.??.??"]
[WhiteTeam "Preetzer TSV"]
[BlackTeam "SF 1903 Berlin"]

1. e4 e6 2. d4 d5 3. Nc3 Bb4 4. e5 c5 5. Qg4 Ne7 6. dxc5 Bxc3+ 7. bxc3 Ng6 8.
Bd3 Nc6 9. Nf3 Qc7 10. O-O Bd7 11. Re1 O-O-O 12. Qg3 f6 13. exf6 Qxg3 14. hxg3
gxf6 15. Nd4 e5 16. Nb5 Be6 17. Rb1 Kd7 18. Nxa7 Nxa7 19. Rxb7+ Kc6 20. Rxa7
Ra8 21. Rg7 e4 22. Be2 Rxa2 23. Be3 Rxc2 24. Rb1 d4 25. Bb5+ Kd5 26. Bxd4 Ne5
27. Rd1 Bg4 28. Rxg4 Nxg4 29. Be3+ Ke5 30. Bf4+ Kf5 31. Bd7+ Kg6 32. Bxg4 Rxc3
33. Be3 h5 34. Be6 Kg7 35. g4 hxg4 36. Bxg4 Kg6 37. Be6 f5 38. Rd5 Rf8 39. g3
Ra3 40. c6 Rb8 41. Bxf5+ Kf6 42. Bxe4 1-0

[Event "14. Lichtenberger Sommer"]
[Site "14. Lichtenberger Sommer"]
[Date "2015.08.21"]
[Round "7.26"]
[White "Keusch, Horst"]
[Black "Pluska, Alexander"]
[Result "0-1"]
[WhiteElo "1984"]
[BlackElo "2030"]
[PlyCount "74"]
[EventDate "2015.??.??"]
[WhiteTeam "SC Eintracht Berlin"]
[BlackTeam "SK Doppelbauer Kiel"]

1. f4 g6 2. e4 Bg7 3. Nf3 c5 4. Bc4 e6 5. O-O Ne7 6. c3 a6 7. Bb3 b5 8. d3 Bb7
9. Qe1 Qc7 10. Na3 Nbc6 11. Bd1 f5 12. e5 O-O 13. Nc2 Rac8 14. Be3 Nd8 15. d4
c4 16. Qh4 Nd5 17. Ng5 h6 18. Nf3 a5 19. Qg3 Kh7 20. Nh4 Ne7 21. Bf3 Rg8 22.
Bxb7 Qxb7 23. Nf3 b4 24. Bd2 Nd5 25. Ne3 Bf8 26. Nxd5 Qxd5 27. Qh4 Nc6 28. Rfe1
Rb8 29. Re3 Be7 30. Qh3 bxc3 31. bxc3 Rb2 32. Bc1 Rb7 33. Re2 Rgb8 34. Nd2 Nxd4
35. cxd4 Qxd4+ 36. Qe3 Qxa1 37. Nxc4 Rc8 0-1

[Event "14. Lichtenberger Sommer"]
[Site "14. Lichtenberger Sommer"]
[Date "2015.08.21"]
[Round "7.27"]
[White "Wörz, Markus"]
[Black "Nabel, Matthias"]
[Result "1/2-1/2"]
[WhiteElo "2065"]
[BlackElo "1802"]
[PlyCount "68"]
[EventDate "2015.??.??"]
[WhiteTeam "SC Kreuzberg"]
[BlackTeam "SV Motor Wildau"]

1. e4 e6 2. d4 d5 3. Nc3 Nf6 4. e5 Nfd7 5. f4 c5 6. Nf3 Nc6 7. Be3 a6 8. Qd2 b5
9. Ne2 Na5 10. Ng3 Nc4 11. Bxc4 bxc4 12. O-O g6 13. c3 Be7 14. f5 exf5 15. Bh6
Nf8 16. dxc5 Bxc5+ 17. Kh1 Ne6 18. Rad1 Bb7 19. Ne2 Qb6 20. b3 Rd8 21. b4 Bf8
22. Ned4 Rd7 23. a4 Qc7 24. a5 Bc6 25. Rde1 Bxh6 26. Qxh6 Kd8 27. Qh4+ Kc8 28.
Re2 Kb7 29. Rfe1 Qd8 30. Qh6 Re8 31. Qxh7 Ng5 32. Qh4 Ne4 33. Qxd8 Rdxd8 34.
Rc1 Rh8 1/2-1/2

[Event "14. Lichtenberger Sommer"]
[Site "14. Lichtenberger Sommer"]
[Date "2015.08.21"]
[Round "7.28"]
[White "Glasser, Timon"]
[Black "Osipenko, Pavel"]
[Result "0-1"]
[WhiteElo "1720"]
[BlackElo "2042"]
[PlyCount "70"]
[EventDate "2015.??.??"]
[WhiteTeam "La Diagonale - Eybens"]
[BlackTeam "Oryol"]

1. Nf3 Nf6 2. c4 g6 3. d4 Bg7 4. e3 d6 5. Nc3 O-O 6. Be2 Nc6 7. O-O e5 8. d5
Ne7 9. e4 a5 10. h3 Nd7 11. a3 Nc5 12. Qc2 f5 13. Nd2 f4 14. Ra2 a4 15. b4 axb3
16. Nxb3 Nd7 17. Nb5 b6 18. Bd2 Nf6 19. a4 g5 20. a5 Ng6 21. f3 h5 22. Kf2 g4
23. hxg4 hxg4 24. Rg1 Nxe4+ 25. fxe4 Qh4+ 26. Kf1 f3 27. Bxf3 gxf3 28. Be3
fxg2+ 29. Ke2 Nf4+ 30. Kd1 Bg4+ 31. Kd2 Bf3 32. Nxc7 Nh3 33. Nxa8 Bxe4 34. Qc3
Nxg1 35. Bxg1 Bh6+ 0-1

[Event "14. Lichtenberger Sommer"]
[Site "14. Lichtenberger Sommer"]
[Date "2015.08.21"]
[Round "7.29"]
[White "Baier, Reinhard"]
[Black "Plump, Detlef"]
[Result "0-1"]
[WhiteElo "1976"]
[BlackElo "2216"]
[PlyCount "178"]
[EventDate "2015.??.??"]
[WhiteTeam "Berliner Sch Ges Eckbauer"]
[BlackTeam "Bremer SG von 1877"]

1. e4 c5 2. Nf3 e6 3. d4 cxd4 4. Nxd4 a6 5. c4 Nf6 6. Bd3 Nc6 7. Nxc6 bxc6 8.
O-O e5 9. Nc3 Bc5 10. Kh1 d6 11. Bg5 h6 12. Bh4 g5 13. Bg3 Kf8 14. f3 Rb8 15.
Qc2 Kg7 16. Rad1 Qe7 17. Rd2 Be3 18. Re2 Bd4 19. b3 Nh5 20. Bf2 Nf4 21. Rd2 Ne6
22. Rfd1 h5 23. Bf1 h4 24. Bg1 Bxg1 25. Kxg1 Nd4 26. Qd3 h3 27. g3 g4 28. Be2
gxf3 29. Bxf3 Qg5 30. Rf1 Rh6 31. Rdf2 Rf6 32. Ne2 c5 33. Nc3 Be6 34. Bd1 Rxf2
35. Rxf2 Rf8 36. Qd2 Qxd2 37. Rxd2 f5 38. exf5 Bxf5 39. Rf2 Re8 40. Nd5 e4 41.
Ne3 Bd7 42. Rf4 a5 43. Kf2 Bc6 44. Bg4 a4 45. Bd1 axb3 46. axb3 Ra8 47. g4 Ra2+
48. Kg3 Rd2 49. Rf1 Rd3 50. Re1 Nxb3 51. Kxh3 Nd4 52. Kg3 Kf6 53. h4 Ke5 54. h5
d5 55. h6 Ra3 56. h7 Ra8 57. cxd5 Bxd5 58. g5 Nf5+ 59. Kg4 Nxe3+ 60. Rxe3 Bf7
61. Bb3 c4 62. Bxc4 Bxc4 63. g6 Kf6 64. Rxe4 Bd3 65. Rb4 Bxg6 66. Rb6+ Kg7 67.
Kg5 Ra5+ 68. Kf4 Kxh7 69. Ke3 Kh6 70. Kd4 Kg5 71. Ke3 Ra4 72. Rd6 Bf5 73. Rd8
Ra3+ 74. Kd2 Kf4 75. Rd4+ Be4 76. Rd8 Ra2+ 77. Kc3 Ke3 78. Re8 Rc2+ 79. Kb3 Rc7
80. Kb4 Kd4 81. Rd8+ Bd5 82. Rd6 Rb7+ 83. Ka3 Kc3 84. Ka4 Kc4 85. Ka3 Kc3 86.
Ka4 Bc4 87. Ka5 Rb5+ 88. Ka4 Rg5 89. Rd8 Bb3+ 0-1

[Event "14. Lichtenberger Sommer"]
[Site "14. Lichtenberger Sommer"]
[Date "2015.08.21"]
[Round "7.30"]
[White "Reichenbach, Werner"]
[Black "Neubart, Thomas"]
[Result "1-0"]
[WhiteElo "2241"]
[BlackElo "2042"]
[PlyCount "69"]
[EventDate "2015.??.??"]
[WhiteTeam "SC Eintracht Berlin"]
[BlackTeam "Berliner SchGes Eckbauer"]

1. e4 c6 2. d4 d5 3. e5 Bf5 4. Nf3 e6 5. Be2 Nd7 6. O-O Ne7 7. b3 Qc7 8. c4
dxc4 9. bxc4 h6 10. Nc3 Rd8 11. h3 Bh7 12. Re1 a6 13. a4 Nc8 14. Qb3 Be7 15. a5
O-O 16. Bf1 Rfe8 17. Bf4 Bf8 18. Bh2 Ne7 19. Red1 Qc8 20. Qb2 g5 21. Bd3 Bxd3
22. Rxd3 Ng6 23. Re3 f5 24. exf6 Nxf6 25. Qc2 Kg7 26. Qb3 Bd6 27. Bxd6 Rxd6 28.
Rb1 Re7 29. Rbe1 Qc7 30. c5 Rdd7 31. Rxe6 Qxa5 32. Rxe7+ Rxe7 33. Rxe7+ Nxe7
34. Ne5 Qc7 35. Qf7+ 1-0

[Event "14. Lichtenberger Sommer"]
[Site "14. Lichtenberger Sommer"]
[Date "2015.08.21"]
[Round "7.31"]
[White "Heldt, Ronny"]
[Black "Roth, Josef"]
[Result "0-1"]
[WhiteElo "1922"]
[BlackElo "2101"]
[PlyCount "58"]
[EventDate "2015.??.??"]
[WhiteTeam "SC Kreuzberg"]
[BlackTeam "SK König Tegel"]

1. d4 Nf6 2. c4 g6 3. Nf3 Bg7 4. g3 O-O 5. Bg2 d6 6. O-O Nbd7 7. Nc3 e5 8. e4
a6 9. h3 exd4 10. Nxd4 Re8 11. Re1 Rb8 12. Be3 Ne5 13. b3 c5 14. Nc2 b5 15.
cxb5 axb5 16. f4 Ned7 17. Qxd6 b4 18. Na4 Nxe4 19. Bxe4 Rxe4 20. Rad1 Bf8 21.
Qd3 Qe8 22. Bf2 Nf6 23. g4 Bb7 24. Bxc5 Qc6 25. Be3 Rxe3 26. Nxe3 Qh1+ 27. Kf2
Qh2+ 28. Kf1 Qxh3+ 29. Kg1 Nxg4 0-1

[Event "14. Lichtenberger Sommer"]
[Site "14. Lichtenberger Sommer"]
[Date "2015.08.21"]
[Round "7.32"]
[White "Albert, Jörg"]
[Black "Schmidt, Jürgen"]
[Result "0-1"]
[WhiteElo "2201"]
[BlackElo "1936"]
[PlyCount "74"]
[EventDate "2015.??.??"]
[WhiteTeam "SV Eiche Reichenbrand"]
[BlackTeam "SC Kreuzberg"]

1. d4 d5 2. e3 Nf6 3. Bd3 c5 4. c3 Nc6 5. f4 c4 6. Bc2 b5 7. Nd2 Bg4 8. Ngf3 e6
9. e4 dxe4 10. Nxe4 Nd5 11. O-O Qc7 12. Qe1 Bxf3 13. Rxf3 g6 14. Qf1 Be7 15. a4
bxa4 16. Qxc4 O-O 17. Qe2 a3 18. b3 Rfc8 19. Bd1 Qb6 20. Qf2 Na5 21. b4 Nc4 22.
Nc5 a5 23. Bb3 axb4 24. Bxc4 Rxc5 25. Bxd5 Rxd5 26. cxb4 Bxb4 27. g3 Qxd4 28.
Qxd4 Rxd4 29. Ra2 Rd1+ 30. Rf1 Rxf1+ 31. Kxf1 f6 32. Ke2 e5 33. fxe5 fxe5 34.
Kd3 Kf7 35. Kc4 Rc8+ 36. Kxb4 Rxc1 37. Rxa3 Ke6 0-1

[Event "14. Lichtenberger Sommer"]
[Site "14. Lichtenberger Sommer"]
[Date "2015.08.21"]
[Round "7.33"]
[White "Geldner, Gerrit"]
[Black "Nötzel, Felix"]
[Result "0-1"]
[WhiteElo "1777"]
[BlackElo "2103"]
[PlyCount "132"]
[EventDate "2015.??.??"]
[WhiteTeam "Schachunion Berlin"]
[BlackTeam "SF 1903 Berlin"]

1. c4 e6 2. Nc3 d5 3. cxd5 exd5 4. d4 Nf6 5. Bf4 c6 6. e3 Be7 7. Bd3 O-O 8. h3
Nbd7 9. Nf3 Re8 10. O-O Nf8 11. Rc1 Ne6 12. Be5 g6 13. Qc2 Ng7 14. Na4 Bf5 15.
Bxf5 Nxf5 16. Nc5 Bxc5 17. Qxc5 Ne4 18. Qb4 Qe7 19. Qxe7 Rxe7 20. Rfd1 f6 21.
Bh2 h5 22. Nd2 g5 23. b4 a6 24. a4 g4 25. hxg4 hxg4 26. Bf4 g3 27. Nxe4 Rxe4
28. Rc5 Rae8 29. Bxg3 Nxg3 30. fxg3 Rxe3 31. b5 axb5 32. axb5 Re1+ 33. Rxe1
Rxe1+ 34. Kf2 Re6 35. bxc6 bxc6 36. Kf3 Kf7 37. Rc3 Ke7 38. Rc2 Kd6 39. Rc3 Re4
40. Rd3 f5 41. Rd1 c5 42. dxc5+ Kxc5 43. Rc1+ Kd6 44. Ra1 Ke5 45. Rd1 d4 46.
Ra1 Re3+ 47. Kf2 Ke4 48. Ra8 Rb3 49. Re8+ Kd3 50. Rd8 Rb5 51. Ke1 Re5+ 52. Kf2
Kc3 53. Rc8+ Kd2 54. Ra8 d3 55. Ra2+ Kc1 56. Ra8 Re4 57. Rc8+ Kb2 58. Rb8+ Kc3
59. Rc8+ Rc4 60. Rd8 Kc2 61. Ke1 Re4+ 62. Kf1 d2 63. Rc8+ Kd3 64. Rd8+ Rd4 65.
Rxd4+ Kxd4 66. Ke2 Kc3 0-1

[Event "14. Lichtenberger Sommer"]
[Site "14. Lichtenberger Sommer"]
[Date "2015.08.21"]
[Round "7.34"]
[White "Baranowsky, Peter"]
[Black "Heuser, Philip"]
[Result "0-1"]
[WhiteElo "1972"]
[BlackElo "2111"]
[PlyCount "148"]
[EventDate "2015.??.??"]
[WhiteTeam "SF 1903 Berlin"]
[BlackTeam "Münchener SC"]

1. e4 c6 2. d4 d5 3. exd5 cxd5 4. c4 Nf6 5. Nc3 Nc6 6. Nf3 Bg4 7. cxd5 Nxd5 8.
Qb3 Bxf3 9. gxf3 e6 10. Qxb7 Nxd4 11. Bb5+ Nxb5 12. Qc6+ Ke7 13. Qxb5 Qd7 14.
Nxd5+ Qxd5 15. Qe2 f6 16. Bd2 Kf7 17. Qe4 Rd8 18. Bc3 Qb5 19. a4 Qa6 20. Qe2
Qc6 21. O-O Bd6 22. Qe4 Qc7 23. h3 Bc5 24. Kg2 Rd5 25. f4 Rf5 26. Rfd1 Rxf4 27.
Rd7+ Qxd7 28. Qxf4 Rd8 29. b4 Qc6+ 30. Kg1 Bd6 31. Qe3 Bc7 32. Re1 Bb6 33. b5
Qd6 34. Qe4 Qg3+ 35. Kh1 Qxh3+ 36. Kg1 Re8 37. Bd4 Bxd4 38. Qxd4 Re7 39. a5 e5
40. Qe4 Rd7 41. Rc1 Qb3 42. Rb1 Qd3 43. Qxd3 Rxd3 44. b6 axb6 45. axb6 Rd8 46.
Rc1 Rd6 47. Rb1 Rd8 48. Rc1 Ke6 49. Rc7 Rd1+ 50. Kg2 Rb1 51. b7 g5 52. Rxh7 Kf5
53. Rf7 e4 54. Re7 Kf4 55. Rf7 f5 56. Rg7 Rb2 57. Re7 g4 58. Rg7 e3 59. b8=Q+
Rxb8 60. fxe3+ Kxe3 61. Kg3 Re8 62. Rf7 Ke4 63. Ra7 Re6 64. Ra4+ Ke5 65. Ra5+
Kf6 66. Ra3 Kg5 67. Ra5 Re3+ 68. Kg2 Rb3 69. Rc5 Rf3 70. Rc8 Re3 71. Kf2 Kf4
72. Rc4+ Re4 73. Rc3 g3+ 74. Rxg3 Re2+ 0-1

[Event "14. Lichtenberger Sommer"]
[Site "14. Lichtenberger Sommer"]
[Date "2015.08.21"]
[Round "7.36"]
[White "Rodmacq, Clement"]
[Black "Adelberger, Georg"]
[Result "1/2-1/2"]
[WhiteElo "2039"]
[BlackElo "1926"]
[PlyCount "37"]
[EventDate "2015.??.??"]
[WhiteTeam "La Diagonale - Eybens"]
[BlackTeam "SC Kreuzberg"]

1. e4 e6 2. d4 d5 3. Nc3 dxe4 4. Nxe4 Nd7 5. Nf3 Ngf6 6. Bd3 Be7 7. O-O O-O 8.
c3 b6 9. Qc2 Bb7 10. Bf4 c5 11. Rad1 Qc8 12. Ne5 Bxe4 13. Bxe4 Nxe4 14. Nxd7
Qxd7 15. Qxe4 Rad8 16. h3 Qa4 17. Qb1 cxd4 18. b3 Qa5 19. cxd4 1/2-1/2

[Event "14. Lichtenberger Sommer"]
[Site "14. Lichtenberger Sommer"]
[Date "2015.08.21"]
[Round "7.37"]
[White "Schäfer, Heiko"]
[Black "Schubert, Joachim"]
[Result "1-0"]
[WhiteElo "2085"]
[BlackElo "1845"]
[PlyCount "55"]
[EventDate "2015.??.??"]
[WhiteTeam "Potsdamer SV"]
[BlackTeam "SC Friesen Lichtenberg"]

1. d4 f5 2. g3 Nf6 3. Bg2 e6 4. Nf3 Be7 5. O-O O-O 6. c4 Qe8 7. Nc3 d6 8. Re1
Nbd7 9. Ng5 Nb6 10. Qb3 h6 11. Nh3 c6 12. e4 fxe4 13. Nxe4 Qf7 14. c5 dxc5 15.
Nxc5 Nfd5 16. Nd3 Nd7 17. Nhf4 N7f6 18. Ne5 Qe8 19. Nfg6 Bd6 20. Nxf8 Qxf8 21.
Bd2 c5 22. dxc5 Bxc5 23. Nd3 Bb6 24. Nf4 Qf7 25. Re2 g5 26. Nxd5 exd5 27. Rae1
d4 28. Re8+ 1-0

[Event "14. Lichtenberger Sommer"]
[Site "14. Lichtenberger Sommer"]
[Date "2015.08.21"]
[Round "7.38"]
[White "Mauch, Johannes"]
[Black "Guenther, Thomas"]
[Result "0-1"]
[WhiteElo "1795"]
[BlackElo "2081"]
[PlyCount "80"]
[EventDate "2015.??.??"]
[WhiteTeam "fb Jena"]
[BlackTeam "SV Senat (FV Schach)"]

1. e4 c5 2. Nc3 Nc6 3. f4 d6 4. Nf3 g6 5. Bc4 Bg7 6. O-O e6 7. d3 Nge7 8. Qe1
Nd4 9. Nxd4 cxd4 10. Nd1 O-O 11. Qg3 d5 12. Bb3 dxe4 13. dxe4 b5 14. Nf2 Qb6
15. Nd3 Bb7 16. Re1 Rac8 17. Bd2 a5 18. a4 b4 19. Qg5 Rc7 20. Kh1 Ba6 21. f5
exf5 22. Bf4 Ra7 23. Ne5 Qf6 24. exf5 Qxg5 25. Bxg5 Nxf5 26. g4 Ne3 27. Bxe3
Bxe5 28. Bh6 Bg7 29. Bxg7 Kxg7 30. Re4 Rc8 31. Rae1 Bc4 32. Re8 Rxe8 33. Rxe8
Bxb3 34. cxb3 Rd7 35. Kg2 d3 36. Re1 d2 37. Rd1 Kf6 38. Kf3 Kg5 39. h3 h5 40.
gxh5 Kxh5 0-1

[Event "14. Lichtenberger Sommer"]
[Site "14. Lichtenberger Sommer"]
[Date "2015.08.21"]
[Round "7.39"]
[White "Dittrich, Tom"]
[Black "Wirth, Heinz"]
[Result "0-1"]
[WhiteElo "1813"]
[BlackElo "2021"]
[PlyCount "68"]
[EventDate "2015.??.??"]
[WhiteTeam "SG Stadtilm"]
[BlackTeam "SC Weisse Dame (Berlin)"]

1. e4 c5 2. Nf3 e6 3. d4 cxd4 4. Nxd4 a6 5. c4 Nf6 6. Nc3 Qc7 7. a3 b6 8. Be3
Bb7 9. f3 d6 10. Be2 Nbd7 11. Qd2 Be7 12. O-O h5 13. b4 Rc8 14. Rac1 Qb8 15.
Kh1 O-O 16. Nb3 Rfd8 17. Rc2 Ba8 18. Rb1 h4 19. Qc1 h3 20. c5 hxg2+ 21. Kxg2 b5
22. Nxb5 dxc5 23. bxc5 Ng4 24. fxg4 Bxe4+ 25. Bf3 Bxf3+ 26. Kxf3 Ne5+ 27. Kg2
Qxb5 28. Nd2 Qc6+ 29. Kg1 Nxg4 30. Nb3 Rd3 31. Bf4 Qf3 32. Bg3 Rcd8 33. Rd2
Rxd2 34. Nxd2 Qe3+ 0-1

[Event "14. Lichtenberger Sommer"]
[Site "14. Lichtenberger Sommer"]
[Date "2015.08.21"]
[Round "7.40"]
[White "Hahlbohm, Matthias"]
[Black "Landt, Stefan"]
[Result "0-1"]
[WhiteElo "2069"]
[BlackElo "1903"]
[PlyCount "70"]
[EventDate "2015.??.??"]
[WhiteTeam "TSG Oberschöneweide"]
[BlackTeam "SV Berolina Mitte"]

1. e4 c6 2. d4 d5 3. e5 c5 4. c3 Nc6 5. Bb5 Bd7 6. Bxc6 Bxc6 7. f4 e6 8. Nf3
Nh6 9. O-O Be7 10. Be3 Qb6 11. Qd2 Bb5 12. Re1 Ng4 13. dxc5 Bxc5 14. Bxc5 Qxc5+
15. Nd4 O-O-O 16. a4 Bd7 17. h3 Nh6 18. Kh2 Nf5 19. Nxf5 exf5 20. b4 Qe7 21.
Qe3 Kb8 22. Nd2 h6 23. Nf3 Rc8 24. Rad1 Be6 25. Nd4 a6 26. Nb3 g5 27. Rd4 gxf4
28. Rxf4 Qg5 29. h4 Qg6 30. Nd4 Rhg8 31. Re2 Qh5 32. Ref2 Rg4 33. Rxg4 Qxg4 34.
b5 Qxh4+ 35. Kg1 Qe4 0-1

[Event "14. Lichtenberger Sommer"]
[Site "14. Lichtenberger Sommer"]
[Date "2015.08.21"]
[Round "7.41"]
[White "Richter, Götz"]
[Black "Bonke, Hans-Jürgen"]
[Result "1-0"]
[WhiteElo "2088"]
[BlackElo "1962"]
[PlyCount "53"]
[EventDate "2015.??.??"]
[WhiteTeam "Klub Kölner SF"]
[BlackTeam "SC Kreuzberg"]

1. e4 g6 2. d4 Bg7 3. Nc3 d6 4. Be3 Nd7 5. f4 e6 6. Bd3 Ne7 7. Nge2 a6 8. a4 h6
9. O-O Nf6 10. Qe1 Ng4 11. Bd2 f5 12. h3 Nf6 13. e5 Nfd5 14. Nxd5 Nxd5 15. c4
Ne7 16. Rd1 d5 17. c5 Bd7 18. b3 b5 19. Ba5 Nc6 20. Ra1 Nxa5 21. Qxa5 c6 22.
axb5 Qxa5 23. Rxa5 cxb5 24. Rfa1 Ke7 25. Rxa6 Rxa6 26. Rxa6 Rb8 27. Ra7 1-0